000 00230nam a22000977a 4500
008 170125b xxu||||| |||| 00| 0 eng d
041 _aeng
080 _a61
245 _aCURRENT MEDICAL DIAGNOSIS & TREATMENT
_cKRUPP
942 _2udc
_cBK
999 _c3669
_d3669